| 000 | 00744nam a2200193 i 4500 | ||
|---|---|---|---|
| 001 | 124899 | ||
| 003 | ES-MaACL | ||
| 005 | 20230906192522.0 | ||
| 007 | t| | ||
| 008 | 070424s1924 sp ||||1| spa d | ||
| 245 | 0 | 0 |
_aEstados de situación y movimiento de fondos correspondientes al año de 1922 _b: Aprobados por el Consejo de Patronato. |
| 260 |
_aMadrid : _b[s.n.], _c1924 ( _fOficina Tipográfica del Instituto Nacional de Previsión) |
||
| 300 |
_a29 p. ; _c20 cm. |
||
| 490 | 1 |
_aPublicaciones del Instituto Nacional de Previsión ; _v117 |
|
| 500 | _aPrecede al tít.: Servicio Financiero. | ||
| 830 | 0 |
_aPublicaciones del Instituto Nacional de Previsión ; _v117 _9181151 |
|
| 852 |
_aES-MaACL _jC-12634(5) |
||
| 999 |
_c124899 _d124899 |
||